Ako prosperovať na spoločnom trhu
Od januára r. 2005 budú musieť aj výrobcovia surovín preukázať, kde nakúpili použité vstupy a komu svoje produkty predali. Kvalita, bezpečnosť potravín a povinná adaptácia. Rozšírený trh EÚ, obchodné podmienky integračného zoskupenia a teritoriálna expanzia. Európsky marketing: tri prístupy - globál...
Salvato in:
| Autore principale: | |
|---|---|
| Natura: | Capitolo di libro |
| Lingua: | slovacco |
| Soggetti: | |
| Tags: |
Nessun Tag, puoi essere il primo ad aggiungerne!!
|
MARC
| LEADER | 00000naa$a2200000$$$4500 | ||
|---|---|---|---|
| 001 | 0018847 | ||
| 005 | 20231005104312.5 | ||
| 041 | 0 | |a slo | |
| 044 | |a SK | ||
| 245 | 1 | 0 | |a Ako prosperovať na spoločnom trhu |c Elena Horská |
| 520 | |a Od januára r. 2005 budú musieť aj výrobcovia surovín preukázať, kde nakúpili použité vstupy a komu svoje produkty predali. Kvalita, bezpečnosť potravín a povinná adaptácia. Rozšírený trh EÚ, obchodné podmienky integračného zoskupenia a teritoriálna expanzia. Európsky marketing: tri prístupy - globálny prístup, lokálny prístup, regionálny prístup. | ||
| 610 | 2 | 0 | |a Európska únia |
| 610 | 2 | 0 | |a trh spoločný |
| 610 | 2 | 0 | |a potraviny |
| 610 | 2 | 0 | |a Slovensko |
| 610 | 2 | 0 | |a kvalita |
| 610 | 2 | 0 | |a bezpečnosť potravinová |
| 610 | 2 | 0 | |a adaptácia |
| 610 | 2 | 0 | |a marketing |
| 100 | 1 | |a Horská, Elena | |